00673nam a2200241 a 4500001001300000003000900013005001700022008004100039020001100080082001600091100001800107245003400125260003100159300000900190500003500199505001000234650002700244700001800271902000800289942000700297952011400304999001300418nice12345678IN_TiNIC20260116011308.0050524s1962 bosa grp 000 0 eng  ac77.500a231.76bWIL aWilley, Basil aEighteenth Century Background aBostonbBeacon Pressc1962 a302p aincludes index and biblioraphy2 aIndex aPhilosophical-Theology1 aWilley, Basil bSRS cBK 001040708StackRoom-aHMIbHMId2007-06-15g77.50l0o231.76 WILp02239r2007-06-15v77.50w2005-05-24yBK c266d266